000 02493cam a22002294a 4500
005 20250605164114.0
008 250528s ||||||||||||||||||||||||d
035 _a17990
020 _a9789603519478
040 _aGR-AtMCL
_bgre
_dGR-AtMCL
_eAACR2
245 1 _aTotal Business Success / Ένας Πρακτικός Οδηγός Επιβίωσης για Επιχειρήσεις: Β' Έκδοση
250 _a
260 _bΣταμούλης Α,
_c2007
300 _a232
520 _aΤο παρόν βιβλίο αποτελεί ένα χρήσιμο και πρακτικό εργαλείο στη σύγχρονη επιχειρηματική πρακτική μιας τυπικής ελληνικής επιχείρησης. Εισαγωγή, Οι Προϋποθέσεις, Ενόραση και Όραμα, Πώς Διαχειρίζομαι το Αυτονόητο, Καινοτομία κα Δημιουργικότητα, Πώς Διαχειρίζομαι τις Ιδέες, Ψυχραιμία και Ευάγχος, Πώς Διαχειρίζομαι τις Αλλαγές, Η Δράση, Ιχύς και Έλξη, Πώς θα Δημιουργήσω Ενδιαφέρον, Λύσεις και Δυνατότητες, Πώς θα με Επιλέξουν, Φροντίδα και Ποιότητα, Πώς θα τους Κάνω να με Εκτιμήσουν, Τοποθέτηση και Ταυτότητα, Πώς θα Ξεχωρίσω, Οικονομική Αντοχή και Κερδοϊκανότητα, Πώς Διατηρούμαι Οικονομικά Υγιής, Η Προετοιμασία, Συμμετοχή και Κίνητρα, Οι Άνθρωποι μου: Η Δύναμη μου, Προσανατολισμός και Σχέδιο, Κάνω το Πρόγραμμα Πράξη, Το Σύστημα για μια Δημιουργική Ολιστική Επιχειρηματική Δράση από τις Μικρές και Μεσαίες Επιχειρήσεις, Οι Μικρές και Μεσαίες Επιχειρήσεις στην Ελλάδα: Το Τώρα και το Μέλλον, Το Μεγάλο Στοίχημα των Μικρών και Μεσαίων Επιχειρήσεων Σήμερα, Βιβλιογραφία.
700 1 _aΖαΐρης Αντώνης
_94317
700 1 _aΜίχαλος Κωνσταντίνος
_94319
700 1 _aΣταμάτης Γιώργος
_94318
942 _cBK
999 _c3384
_d3384